000 00467nam a2200169Ia 4500
001 1583
008 201217s ii a g b000 u asm u
082 _a294.5
100 _aBordaloi, Rajani Kanta .
245 0 _aDev damudar /
_cRajani Kanta Bordaloi.
_hTextual Documents
260 _aGuwahati :
_bRajani Kanta Bordaloi ,
_c1958.
300 _a35p. :
_bill ;
_c12cm .
500 _a35/Ref/Ass
653 _aReligious book
653 _aRef-Assamese
942 _2ddc
_cBK
999 _c1579
_d1579